000 00557nam a22001817a 4500
003 CEME
005 20210628202848.0
008 210126b xxu||||| |||| 00| 0 eng d
020 _a81-7808-673-5
040 _c.
082 _a519.302462 BEL
100 _aBelegundu, Ashok .D Chandrupatla, Tirupathi .R
_962014
245 _aOptimization concepts and applications in engineering
260 _aINDIA
_bPEARSON EDUCATION
_c2003
300 _aXI,432 P
650 _aOPTIMIZATION CONCEPTS.OPTIMIZATION APPLICATIONS IN ENGINEERING
_962015
942 _cBK
_2ddc
999 _c571263
_d571263